[Event "Beginners playground"]
[Site "SchemingMind.com"]
[Date "2005.05.14"]
[Round "-"]
[White "kohigh"]
[Black "fretless"]
[Result "0-1"]
[WhiteCountry "ENG"]
[BlackCountry "NOR"]
[WhiteElo "1244"]
[WhiteRD "179"]
[BlackElo "1993"]
[BlackRD "72"]
[GameID "15166"]

1. e4 c5 2. Nc3 Nc6 3. f4 e6 4. Nf3 d5 5. Bb5 d4 6. Ne2 Bd7 7. d3 Qa5+ 8. Bd2 Qxb5 9. Rb1 Bd6 10. Ng3 Nge7
11. O-O O-O 12. Qe2 Qa4 13. b3 Qa3 14. Ra1 b5 15. Ng5 f6 16. Nf3 Ng6 17. e5 fxe5 18. Qe4 exf4 19. Nh5 b4 20. Ng5 Rf5
21. Qf3 Rxg5 22. Nxf4 Rf8 23. Qe4 Bxf4 24. Bxf4 Rg4 25. g3 Nxf4 26. Kh1 Ne7 27. gxf4 Bc6
0-1

[Event "Beginners playground"]
[Site "SchemingMind.com"]
[Date "2005.05.12"]
[Round "-"]
[White "fretless"]
[Black "kohigh"]
[Result "1-0"]
[WhiteCountry "NOR"]
[BlackCountry "ENG"]
[WhiteElo "1962"]
[WhiteRD "71"]
[BlackElo "1252"]
[BlackRD "180"]
[GameID "15168"]

1. e4 d5 2. exd5 Nf6 3. d4 Bg4 4. f3 Bf5 5. c4 Nbd7 6. Nc3 e6 7. g4 Bg6 8. g5 Nh5 9. dxe6 Nb6 10. c5 Nd5
11. Qa4+ Qd7 12. Qxd7#
1-0

[Event "Beginners playground"]
[Site "SchemingMind.com"]
[Date "2005.05.12"]
[Round "-"]
[White "blindfaith101"]
[Black "fretless"]
[Result "0-1"]
[WhiteCountry "USA"]
[BlackCountry "NOR"]
[WhiteElo "1084"]
[WhiteRD "159"]
[BlackElo "1993"]
[BlackRD "72"]
[GameID "15207"]

1. e4 c5 2. c4 Nc6 3. Nf3 Nf6 4. d3 d6 5. a3 g6 6. h3 Bg7 7. Bd2 O-O 8. Bc3 Qb6 9. Nbd2 Bd7 10. Be2 Nh5
11. Bxg7 Nxg7 12. Qc2 Ne6 13. Qc3 Ncd4 14. Nxd4 Nxd4 15. Nf3 Nxe2 16. Kxe2 e5 17. b3 f5 18. Rab1 Bc6 19. Ng5 h6 20. Ne6 Rf6
21. exf5 Rxf5 22. b4 Bxg2 23. Rhg1 Bf3+ 24. Ke1 Rf6 25. Nf4 Rxf4 26. b5 Bh5 27. a4 Raf8 28. Qd2 e4 29. Rg2 exd3 30. Qxd3 Re8+
31. Kd2 Rd4 32. Rb3 Qa5+
0-1

[Event "Beginners playground"]
[Site "SchemingMind.com"]
[Date "2005.05.12"]
[Round "-"]
[White "blindfaith101"]
[Black "kohigh"]
[Result "0-1"]
[WhiteCountry "USA"]
[BlackCountry "ENG"]
[WhiteElo "1000"]
[WhiteRD "136"]
[BlackElo "1540"]
[BlackRD "126"]
[GameID "15209"]

1. e4 d5 2. e5 c5 3. c3 Nc6 4. Bb5 Bd7 5. Qe2 Nh6 6. h3 g6 7. d3 Bg7 8. Nf3 Qb6 9. a4 Qc7 10. Bxh6 Bxh6
11. Na3 Qa5 12. O-O O-O 13. Qe1 d4 14. Nc4 Qc7 15. Bxc6 Qxc6 16. b3 Bf5 17. Qe2 dxc3 18. Qc2 a6 19. Qxc3 Rad8 20. Na5 Qd7
0-1

[Event "Beginners playground"]
[Site "SchemingMind.com"]
[Date "2005.05.13"]
[Round "-"]
[White "fretless"]
[Black "blindfaith101"]
[Result "1-0"]
[WhiteCountry "NOR"]
[BlackCountry "USA"]
[WhiteElo "1993"]
[WhiteRD "72"]
[BlackElo "1084"]
[BlackRD "159"]
[GameID "15210"]

1. Nf3 d6 2. e4 e5 3. d4 Qe7 4. d5 Bg4 5. Be2 h6 6. Be3 Bxf3 7. Bxf3 Nf6 8. O-O Qd7 9. c4 c5 10. Nc3 a6
11. Na4 Qc7 12. Qb3 Nbd7 13. Rae1 b6 14. Nc3 Be7 15. Qc2 g5 16. a3 Ra7 17. b3 a5 18. Nb5 Qb8 19. Nxa7 g4 20. Nc6 Qb7
21. Nxe7 Kxe7 22. Bd1 Qa7 23. f4 h5 24. fxe5 Ne8 25. exd6+ Kxd6 26. e5+ Nxe5 27. Bf4 f6 28. Bxe5+ fxe5 29. Qg6+
1-0

[Event "Beginners playground"]
[Site "SchemingMind.com"]
[Date "2005.05.14"]
[Round "-"]
[White "kohigh"]
[Black "blindfaith101"]
[Result "1-0"]
[WhiteCountry "ENG"]
[BlackCountry "USA"]
[WhiteElo "1540"]
[WhiteRD "126"]
[BlackElo "1000"]
[BlackRD "136"]
[GameID "15212"]

1. e4 e5 2. Nc3 c6 3. f4 Bd6 4. f5 Qf6 5. Nf3 a6 6. d4 h6 7. dxe5 Bxe5 8. Be2 Ne7 9. Be3 Bxc3+ 10. Bd2 Bxb2
11. Rb1 Ba3 12. Bb4 Bb2 13. Qd6 Qxd6 14. Bxd6 Bc3+ 15. Nd2 b5 16. Rb3 Ba5 17. c3 f6 18. O-O Bb7 19. Bh5+
1-0

[Event "Beginners playground"]
[Site "SchemingMind.com"]
[Date "2005.05.13"]
[Round "-"]
[White "jiikoo"]
[Black "fretless"]
[Result "1/2-1/2"]
[WhiteCountry "FIN"]
[BlackCountry "NOR"]
[WhiteElo "1585"]
[WhiteRD "84"]
[BlackElo "1911"]
[BlackRD "74"]
[GameID "15273"]

1. e4 c5 2. Nf3 d6 3. d4 cxd4 4. Nxd4 Nf6 5. Nc3 g6 6. g3 Bg7 7. Bg2 Nc6 8. Nxc6 bxc6 9. O-O Qb6 10. Na4 Qb5
11. Nc3 Qb6=
1/2-1/2

[Event "Beginners playground"]
[Site "SchemingMind.com"]
[Date "2005.05.13"]
[Round "-"]
[White "jiikoo"]
[Black "blindfaith101"]
[Result "1-0"]
[WhiteCountry "FIN"]
[BlackCountry "USA"]
[WhiteElo "1635"]
[WhiteRD "79"]
[BlackElo "1084"]
[BlackRD "159"]
[GameID "15274"]

1. e4 e5 2. Nf3 d6 3. d4 Qe7 4. d5 h6 5. Bb5+ Bd7 6. Bxd7+ Nxd7 7. O-O Ndf6 8. Re1 Nh5 9. c4 Ngf6 10. Nc3 a6
11. h3 Qd7 12. Be3 g5 13. Nh2 Be7 14. b4 b6 15. a4 a5 16. bxa5 Rxa5 17. Nb5 Nxe4 18. Bxb6 Nef6 19. Bxa5 Bd8 20. Ng4 Nxg4
21. Qxg4 Qxg4 22. hxg4 Nf6 23. f3 Kd7 24. Bb4 Be7 25. a5 Ra8 26. a6 h5 27. gxh5 Nxh5 28. a7 f5 29. Ba5 Bd8 30. Kf2 Nf4
31. Red1 e4 32. fxe4 fxe4 33. Rh1 Nd3+ 34. Ke3 Nc5 35. Rh8 Nb7 36. Bxc7 Ke7 37. Bxd8+ Nxd8 38. Nc7 Rxa7 39. Rxa7 Nf7 40. Rh7 Kf6
41. Ne8+ Kg6 42. Rhxf7 Kh5 43. Nxd6 Kg4 44. Nxe4 Kh5 45. Rg7 Kg4 46. Rxg5+ Kh4 47. Rh7#
1-0

[Event "Beginners playground"]
[Site "SchemingMind.com"]
[Date "2005.05.13"]
[Round "-"]
[White "jiikoo"]
[Black "kohigh"]
[Result "1-0"]
[WhiteCountry "FIN"]
[BlackCountry "ENG"]
[WhiteElo "1565"]
[WhiteRD "77"]
[BlackElo "1252"]
[BlackRD "180"]
[GameID "15276"]

1. e4 d5 2. exd5 Nf6 3. c4 c6 4. dxc6 Nxc6 5. Nf3 e5 6. d3 e4 7. dxe4 Qxd1+ 8. Kxd1 Nxe4 9. Ke2 Bf5 10. Nbd2 Rd8
11. g3 Bg4 12. Bg2 Bb4 13. Nxe4 Nd4+ 14. Ke3 Nf5+ 15. Kf4 Bxf3 16. Bxf3 Nd4 17. a3 Ba5 18. Be3 Bc7+ 19. Kg4 h5+ 20. Kh3 Nxf3
21. Bxa7 h4 22. Kg2 Rd3 23. Be3 Ne5 24. Rhd1 Rb3 25. Bd4 Rh5 26. f4 h3+ 27. Kf1 Kd7 28. Nc5+ Kc6 29. Nxb3 f6 30. fxe5 fxe5
31. Bf2 Rf5 32. Nd2 Bb6 33. Ne4 Bxf2 34. Nxf2 g5 35. b4 b5 36. cxb5+ Kxb5 37. g4 Rf4 38. Rd5+ Kc4 39. Rxe5 Kd4 40. Rxg5 Ke3
41. Rf5 Rxg4 42. Nxg4+
1-0

[Event "Beginners playground"]
[Site "SchemingMind.com"]
[Date "2005.05.13"]
[Round "-"]
[White "fretless"]
[Black "jiikoo"]
[Result "1-0"]
[WhiteCountry "NOR"]
[BlackCountry "FIN"]
[WhiteElo "1962"]
[WhiteRD "71"]
[BlackElo "1565"]
[BlackRD "77"]
[GameID "15277"]

1. e4 e5 2. Nf3 Nc6 3. Bb5 a6 4. Ba4 Nf6 5. O-O b5 6. Bb3 Be7 7. d3 d6 8. Be3 Na5 9. c3 Nxb3 10. Qxb3 c5
11. Nbd2 O-O 12. h3 Be6 13. Qc2 Qc7 14. c4 bxc4 15. Nxc4 Nd7 16. Bg5 Bxg5 17. Nxg5 h6 18. Nxe6 fxe6 19. Ne3 Rab8 20. a3 Rb7
21. b4 a5 22. b5 Rxb5 23. Qc4 Rfb8 24. Qxe6+ Kh8 25. Nf5 Nf8 26. Qxd6 Qxd6 27. Nxd6 Rb3 28. Nf7+ Kg8 29. Nxe5 Ne6 30. Rfc1 Rc8
31. g3 Nd4 32. Kg2 Nb5 33. a4 Nd4 34. Rab1 Ra3 35. Rc4 g5 36. Rb6 Kg7 37. Rg6+ Kh7 38. Rd6 Nb3 39. Rd7+ Kg8 40. Rc3
1-0

[Event "Beginners playground"]
[Site "SchemingMind.com"]
[Date "2005.05.14"]
[Round "-"]
[White "blindfaith101"]
[Black "jiikoo"]
[Result "0-1"]
[WhiteCountry "USA"]
[BlackCountry "FIN"]
[WhiteElo "1095"]
[WhiteRD "161"]
[BlackElo "1565"]
[BlackRD "77"]
[GameID "15278"]

1. e4 e5 2. Bc4 Nf6 3. d3 h6 4. h3 Bc5 5. Qf3 Nc6 6. c3 d6 7. a3 O-O 8. b4 Bb6 9. Ne2 a5 10. b5 Ne7
11. Qg3 Kh7 12. Be3 Bxe3 13. Qxe3 Be6 14. Bxe6 fxe6 15. a4 Ng6 16. Na3 d5 17. O-O c6 18. Rfd1 Qc7 19. b6 Qe7 20. Qg3 Nh5
21. Qe3 Nhf4 22. exd5 exd5 23. Nxf4 Nxf4 24. Rd2 Rae8 25. Re1 Qxa3 26. Qc5 Qxc5 27. d4 Qxc3 28. Red1 exd4 29. Rxd4 Ne2+ 30. Kf1 Nxd4
31. Kg1 Re1+ 32. Rxe1 Qxe1+ 33. Kh2 Rxf2
0-1

[Event "Beginners playground"]
[Site "SchemingMind.com"]
[Date "2005.05.14"]
[Round "-"]
[White "kohigh"]
[Black "jiikoo"]
[Result "0-1"]
[WhiteCountry "ENG"]
[BlackCountry "FIN"]
[WhiteElo "1252"]
[WhiteRD "180"]
[BlackElo "1565"]
[BlackRD "77"]
[GameID "15280"]

1. e4 e5 2. Nc3 Nf6 3. Bc4 Bc5 4. d3 h6 5. f4 exf4 6. e5 Nh7 7. Nf3 Nc6 8. d4 Bb4 9. Bd2 O-O 10. Qe2 d6
11. O-O-O Be6 12. Bd3 Re8 13. Bxf4 Bxc3 14. Qe4 f5 15. Qe1 Bxe1 16. Rhxe1 Nb4 17. Bb5 c6 18. Be2 dxe5 19. Bxe5 Nxa2+ 20. Kb1 Nb4
21. b3 Qa5 22. Kb2 Rad8 23. Ra1 Qb6 24. Ra4 Nxc2 25. Kxc2 Qxb3+
0-1

[Event "Beginners playground"]
[Site "SchemingMind.com"]
[Date "2005.05.13"]
[Round "-"]
[White "kynyo"]
[Black "fretless"]
[Result "0-1"]
[WhiteCountry "FRA"]
[BlackCountry "NOR"]
[WhiteElo "1531"]
[WhiteRD "191"]
[BlackElo "1993"]
[BlackRD "72"]
[GameID "15292"]

1. d4 Nf6 2. Nc3 g6 3. e4 d6 4. Bc4 Bg7 5. h3 Nxe4 6. Nxe4 d5 7. Bb3 dxe4 8. Be3 O-O 9. Ne2 Nc6 10. Ng3 Nxd4
11. Bxd4 Qxd4 12. Qxd4 Bxd4 13. c3 Be5 14. Nxe4 Bf5 15. Nc5 b6 16. Na4 Rad8 17. O-O e6 18. Rfe1 Bf6 19. a3 b5 20. Nc5 Rd2
21. Ra2 Be7 22. Ne4 Bxe4 23. Rxe4 Bc5 24. Rf4 a5 25. a4 Rb8 26. axb5 Rxb5 27. Ba4 Rbxb2 28. Rxb2 Rxb2 29. Be8 Bd6 30. Bxf7+ Kg7
31. Rf3 Rb1#
0-1

[Event "Beginners playground"]
[Site "SchemingMind.com"]
[Date "2005.05.13"]
[Round "-"]
[White "kynyo"]
[Black "jiikoo"]
[Result "0-1"]
[WhiteCountry "FRA"]
[BlackCountry "FIN"]
[WhiteElo "1285"]
[WhiteRD "145"]
[BlackElo "1692"]
[BlackRD "76"]
[GameID "15293"]

1. c4 Nf6 2. d4 e6 3. a3 b6 4. Nc3 Bb7 5. Qc2 c5 6. e3 d5 7. Bd3 dxc4 8. Bxc4 Bxg2 9. f3 Bxh1 10. Bd2 Bd6
11. Kf2 Bxh2 12. Nh3 Qd6 13. Nf4 Bxf3 14. Kxf3 Bxf4 15. exf4 Qxd4 16. Re1 Qxc4 17. b3 Qd4 18. Be3 Qd7 19. Rd1 Qe7 20. Nb5 O-O
21. Rg1 Nc6 22. Nc3 Rad8 23. Ne4 Nxe4 24. Qxe4 Nd4+ 25. Kf2 Qh4+ 26. Kf1 Nxb3 27. Qe5 Rd1+ 28. Ke2 Rxg1 29. Bxg1 Rd8 30. Qc7 Rd2+
31. Kf3 Qh3+ 32. Ke4 Qf5+ 33. Kf3 h6 34. Qxa7 Rd3+ 35. Be3 Nd4+ 36. Kf2 b5 37. Qb8+ Kh7 38. Qa7 Nc2 39. Qxc5 Qxc5 40. Bxc5 Nxa3
41. Ke2 Rh3 42. Bd6 Nc4 43. Bc5 e5 44. f5 g6 45. f6 g5 46. Kf2 Kg6 47. Kg2 g4 48. Be7 Ne3+ 49. Kf2 Nd5 50. Bd6 Nxf6
0-1

[Event "Beginners playground"]
[Site "SchemingMind.com"]
[Date "2005.05.13"]
[Round "-"]
[White "kynyo"]
[Black "blindfaith101"]
[Result "1-0"]
[WhiteCountry "FRA"]
[BlackCountry "USA"]
[WhiteElo "1571"]
[WhiteRD "211"]
[BlackElo "1095"]
[BlackRD "161"]
[GameID "15294"]

1. Nf3 e6 2. d4 h6 3. e4 d5 4. e5 Be7 5. c4 Bb4+ 6. Bd2 Bxd2+ 7. Nbxd2 c6 8. c5 a6 9. a4 Ne7 10. b4 Nd7
11. Bd3 O-O 12. Nh4 Qe8 13. O-O b6 14. Nb3 b5 15. axb5 Nb8 16. b6 Nd7 17. Qe2 Bb7 18. Bc2 Nf5 19. Qd3 Nxh4 20. Qh7#
1-0

[Event "Beginners playground"]
[Site "SchemingMind.com"]
[Date "2005.05.13"]
[Round "-"]
[White "kynyo"]
[Black "kohigh"]
[Result "0-1"]
[WhiteCountry "FRA"]
[BlackCountry "ENG"]
[WhiteElo "1285"]
[WhiteRD "145"]
[BlackElo "1540"]
[BlackRD "126"]
[GameID "15296"]

1. e4 d5 2. exd5 Nf6 3. c4 c6 4. Nc3 e5 5. a3 Bd7 6. d3 Bd6 7. h3 O-O 8. Ne4 Nxe4 9. dxe4 Bc5 10. Nf3 Re8
11. b4 Bd4 12. Nxd4 exd4 13. Bd3 cxd5 14. cxd5 Qc7 15. Bb2 Qb6 16. O-O Qg6 17. Qf3 Qg5 18. Bc1 Qg6 19. e5 Qb6 20. Qg3 g6
0-1

[Event "Beginners playground"]
[Site "SchemingMind.com"]
[Date "2005.05.13"]
[Round "-"]
[White "fretless"]
[Black "kynyo"]
[Result "1-0"]
[WhiteCountry "NOR"]
[BlackCountry "FRA"]
[WhiteElo "1993"]
[WhiteRD "72"]
[BlackElo "1531"]
[BlackRD "191"]
[GameID "15297"]

1. e4 e5 2. Nf3 d6 3. d4 exd4 4. Nxd4 a6 5. Nc3 c6 6. Be2 Be7 7. O-O h6 8. Kh1 Nf6 9. f4 Nbd7 10. Nf5 O-O
11. Nxd6 Bxd6 12. Qxd6 Nb6 13. Qxd8 Rxd8 14. Be3 Nbd7 15. e5 Ne8 16. Rad1 b5 17. Bb6 Nxb6 18. Rxd8 Kf8 19. Bf3 Bb7 20. Rfd1 Ke7
21. R8d2 a5 22. Nxb5 g6 23. Nd6 Nxd6 24. Rxd6 Rc8 25. h4 Rc7 26. h5 Rd7 27. hxg6 fxg6 28. Rxg6 Rxd1+ 29. Bxd1 h5 30. Rg7+ Ke6
31. Rxb7 Nc4 32. Bxh5 Ne3 33. c4 Nf1 34. Bg4#
1-0

[Event "Beginners playground"]
[Site "SchemingMind.com"]
[Date "2005.05.14"]
[Round "-"]
[White "jiikoo"]
[Black "kynyo"]
[Result "1-0"]
[WhiteCountry "FIN"]
[BlackCountry "FRA"]
[WhiteElo "1565"]
[WhiteRD "77"]
[BlackElo "1571"]
[BlackRD "211"]
[GameID "15298"]

1. e4 e5 2. Nf3 d6 3. d4 exd4 4. Nxd4 Be7 5. g3 h6 6. Bg2 c6 7. O-O Nf6 8. Nc3 O-O 9. b3 Na6 10. Bb2 Re8
11. Nce2 Nc5 12. f3 Qc7 13. c4 Rb8 14. Rc1 a5 15. a3 Qb6 16. Kh1 Nfd7 17. Nf5 Bf8 18. Ned4 Ne5 19. Rc3 Ncd3 20. Rxd3 Rd8
21. Rd2 Bd7 22. f4 Ng6 23. Nf3 Bxf5 24. exf5 Ne7 25. f6 Nf5 26. Bd4 c5 27. Bf2 Qxb3 28. Qxb3
1-0

[Event "Beginners playground"]
[Site "SchemingMind.com"]
[Date "2005.05.14"]
[Round "-"]
[White "blindfaith101"]
[Black "kynyo"]
[Result "1-0"]
[WhiteCountry "USA"]
[BlackCountry "FRA"]
[WhiteElo "1000"]
[WhiteRD "147"]
[BlackElo "1285"]
[BlackRD "154"]
[GameID "15299"]

1. e4 e5 2. Bc4 Nf6 3. Qf3 c6 4. d3 h6 5. a3 d5 6. exd5 cxd5 7. Ba2 Be6 8. Ne2 Bg4 9. Qe3 Bd6 10. h3 Bh5
11. O-O O-O 12. Qd2 Bc5 13. Ng3 Bg6 14. Nc3 Qd7 15. Qe2 Re8 16. Bd2 e4 17. d4 Bxd4 18. Nb5 Bxb2 19. Rab1 Be5 20. Nc3 Nc6
21. Bb3 Nd4 22. Qd1 Nxb3 23. Rxb3 Rac8 24. Nge2 a6 25. Nb1 e3 26. Bxe3 Bxc2 27. Qe1 Bxb3 28. Qb4 Bc4 29. Re1 d4 30. Bd2 Nd5
31. Qa5
1-0

[Event "Beginners playground"]
[Site "SchemingMind.com"]
[Date "2005.05.14"]
[Round "-"]
[White "kohigh"]
[Black "kynyo"]
[Result "1-0"]
[WhiteCountry "ENG"]
[BlackCountry "FRA"]
[WhiteElo "1540"]
[WhiteRD "126"]
[BlackElo "1285"]
[BlackRD "145"]
[GameID "15301"]

1. e4 e5 2. Nc3 Nf6 3. f4 d5 4. fxe5 Nxe4 5. Qf3 Nxc3 6. dxc3 Be6 7. Qg3 h6 8. Nf3 Nc6 9. Nd4 Nxd4 10. cxd4 Qd7
11. c3 O-O-O 12. Be2 f5 13. O-O g5 14. Bg4 fxg4 15. Bd2 Be7 16. Qd3 h5 17. Bxg5 Bxg5 18. Qg6 Qe7 19. b4 Rdg8 20. Qd3
1-0

[Event "Beginners playground"]
[Site "SchemingMind.com"]
[Date "2005.05.14"]
[Round "-"]
[White "sphyroz"]
[Black "fretless"]
[Result "0-1"]
[WhiteCountry "KEN"]
[BlackCountry "NOR"]
[WhiteElo "1304"]
[WhiteRD "194"]
[BlackElo "1993"]
[BlackRD "72"]
[GameID "15355"]

1. e4 c5 2. c4 Nc6 3. Nf3 e5 4. b3 g6 5. Bb2 Bg7 6. Be2 Nge7 7. O-O O-O 8. d3 d6 9. Ng5 Nd4 10. Bh5 gxh5
11. Qxh5 h6 12. Nf3 Nc2 13. Nbd2 Nxa1 14. Bxa1 Ng6 15. a3 Nf4 16. b4 Nxh5
0-1

[Event "Beginners playground"]
[Site "SchemingMind.com"]
[Date "2005.05.14"]
[Round "-"]
[White "sphyroz"]
[Black "jiikoo"]
[Result "0-1"]
[WhiteCountry "KEN"]
[BlackCountry "FIN"]
[WhiteElo "1304"]
[WhiteRD "194"]
[BlackElo "1635"]
[BlackRD "79"]
[GameID "15356"]

1. Nc3 Nf6 2. e4 e5 3. Bc4 Bc5 4. Nf3 Nc6 5. O-O O-O 6. h3 d6 7. d3 h6 8. Nh4 Nxe4 9. Ng6 Nxc3 10. bxc3 d5
11. Bxd5 Qxd5 12. Nh4 Be6 13. Qh5 e4 14. c4 Qxh5 15. dxe4 Qxh4 16. Bd2 Qxe4 17. Rae1 Qxc2 18. Bf4 Bxc4 19. Rc1 Qxa2 20. Be3 Bxe3
21. Ra1 Bxf2+ 22. Rxf2 Qxa1+ 23. Kh2 Rad8
0-1

[Event "Beginners playground"]
[Site "SchemingMind.com"]
[Date "2005.05.14"]
[Round "-"]
[White "sphyroz"]
[Black "blindfaith101"]
[Result "0-1"]
[WhiteCountry "KEN"]
[BlackCountry "USA"]
[WhiteElo "1111"]
[WhiteRD "156"]
[BlackElo "1000"]
[BlackRD "144"]
[GameID "15357"]

1. Nf3 Nc6 2. c4 h6 3. d4 e6 4. e3 d5 5. Bd3 a6 6. Nc3 Bb4 7. a3 Bxc3+ 8. bxc3 Nge7 9. cxd5 Nxd5 10. Ne5 Nxe5
11. dxe5 O-O 12. Bd2 Bd7
0-1

[Event "Beginners playground"]
[Site "SchemingMind.com"]
[Date "2005.05.15"]
[Round "-"]
[White "sphyroz"]
[Black "kohigh"]
[Result "0-1"]
[WhiteCountry "KEN"]
[BlackCountry "ENG"]
[WhiteElo "1111"]
[WhiteRD "150"]
[BlackElo "1540"]
[BlackRD "126"]
[GameID "15359"]

1. c4 e5 2. e4 Nf6 3. Nc3 Bc5 4. Nf3 Nc6 5. Bd3 d5 6. exd5 Nd4 7. Nxe5 Bd7 8. O-O O-O 9. Re1 Bd6 10. Re3 Re8
11. Rg3 Bxe5 12. Re3 Ng4 13. Re4 Qh4
0-1

[Event "Beginners playground"]
[Site "SchemingMind.com"]
[Date "2005.05.15"]
[Round "-"]
[White "sphyroz"]
[Black "kynyo"]
[Result "0-1"]
[WhiteCountry "KEN"]
[BlackCountry "FRA"]
[WhiteElo "1111"]
[WhiteRD "156"]
[BlackElo "1285"]
[BlackRD "151"]
[GameID "15360"]

1. e4 e5 2. Nf3 Qf6 3. b3 d6 4. Bb2 Bg4 5. h3 Bh5 6. Be2 Nc6 7. O-O O-O-O 8. d3 Nge7 9. Nbd2 Ng6 10. Nc4 Nf4
11. Ba3 Nxe2+ 12. Qxe2 Nd4 13. Qd2 Nxf3+
0-1

[Event "Beginners playground"]
[Site "SchemingMind.com"]
[Date "2005.05.14"]
[Round "-"]
[White "fretless"]
[Black "sphyroz"]
[Result "1-0"]
[WhiteCountry "NOR"]
[BlackCountry "KEN"]
[WhiteElo "1993"]
[WhiteRD "72"]
[BlackElo "1304"]
[BlackRD "194"]
[GameID "15361"]

1. e4 e5 2. Nf3 Nc6 3. Bb5 Nf6 4. O-O Bc5 5. d3 d6 6. c3 O-O 7. b4 a6 8. Bxc6 bxc6 9. bxc5 d5 10. Nxe5 Be6
11. Qa4 Bd7 12. Bg5 Be8 13. Nd2 h6 14. Bh4 Qc8 15. Bxf6 gxf6 16. Nxc6 Qb7 17. Ne7+
1-0

[Event "Beginners playground"]
[Site "SchemingMind.com"]
[Date "2005.05.14"]
[Round "-"]
[White "jiikoo"]
[Black "sphyroz"]
[Result "1-0"]
[WhiteCountry "FIN"]
[BlackCountry "KEN"]
[WhiteElo "1635"]
[WhiteRD "79"]
[BlackElo "1304"]
[BlackRD "194"]
[GameID "15362"]

1. e4 e5 2. Nf3 Nc6 3. Bc4 Nf6 4. d3 Bc5 5. Nc3 O-O 6. Bg5 d6 7. h3 h6 8. Bh4 Qd7 9. Bxf6 gxf6 10. Nd5 Bb4+
11. c3 Bc5 12. Nxf6+ Kg7 13. Nxd7 Bxd7 14. O-O Rae8 15. a4 Re7 16. b4 d5 17. Bxd5 Bd6 18. Nh4 Nd4 19. cxd4 Bxb4 20. dxe5 Rxe5
21. f4 Bc3 22. fxe5 Be8 23. Qg4+ Kh7 24. Rac1
1-0

[Event "Beginners playground"]
[Site "SchemingMind.com"]
[Date "2005.05.18"]
[Round "-"]
[White "blindfaith101"]
[Black "sphyroz"]
[Result "1-0"]
[WhiteCountry "USA"]
[BlackCountry "KEN"]
[WhiteElo "1000"]
[WhiteRD "144"]
[BlackElo "1111"]
[BlackRD "156"]
[GameID "15363"]

1. e4 e5 2. Bc4 Nf6 3. d3 d6 4. Bg5 h6 5. Bxf6 Qxf6 6. h3 Nc6 7. c3 Bd7 8. Nf3 O-O-O 9. Nbd2 Qg6 10. Nh4 Qf6
11. Qf3 Qxh4 12. Bxf7
1-0

[Event "Beginners playground"]
[Site "SchemingMind.com"]
[Date "2005.05.14"]
[Round "-"]
[White "kohigh"]
[Black "sphyroz"]
[Result "1-0"]
[WhiteCountry "ENG"]
[BlackCountry "KEN"]
[WhiteElo "1540"]
[WhiteRD "126"]
[BlackElo "1111"]
[BlackRD "150"]
[GameID "15365"]

1. e4 e5 2. Nc3 c6 3. f4 d6 4. d3 Be7 5. f5 Nf6 6. Be3 O-O 7. Nf3 Nbd7 8. d4 c5 9. dxc5 dxc5 10. Bc4 Qa5
11. O-O Nb6 12. Nxe5 Qb4 13. Rb1
1-0

[Event "Beginners playground"]
[Site "SchemingMind.com"]
[Date "2005.05.15"]
[Round "-"]
[White "kynyo"]
[Black "sphyroz"]
[Result "1-0"]
[WhiteCountry "FRA"]
[BlackCountry "KEN"]
[WhiteElo "1285"]
[WhiteRD "151"]
[BlackElo "1111"]
[BlackRD "156"]
[GameID "15366"]

1. c4 Nf6 2. d4 g6 3. e3 b6 4. Nc3 Nc6 5. a3 Bb7 6. Nf3 Bg7 7. d5 Nd4 8. Nxd4 e6 9. Nb3 O-O 10. Be2 c5
11. O-O e5 12. e4 d6 13. Bg5 Qc8 14. Nb5
1-0